Environmental laws of Pakistan : (Record no. 328405)

000 -LEADER
fixed length control field 01122cam a2200301 a 4500
001 - CONTROL NUMBER
control field 14307625
003 - CONTROL NUMBER IDENTIFIER
control field Nust
005 - DATE AND TIME OF LATEST TRANSACTION
control field 20170406133721.0
008 - FIXED-LENGTH DATA ELEMENTS--GENERAL INFORMATION
fixed length control field 060321s2006 pk bl 000 0 eng
010 ## - LIBRARY OF CONGRESS CONTROL NUMBER
LC control number 2006334329
020 ## - INTERNATIONAL STANDARD BOOK NUMBER
International Standard Book Number 9698761063
025 ## - OVERSEAS ACQUISITION NUMBER
Overseas acquisition number P-E-2006334329 ; 47
040 ## - CATALOGING SOURCE
Original cataloging agency DLC
Transcribing agency DLC
Modifying agency DLC
042 ## - AUTHENTICATION CODE
Authentication code lcode
043 ## - GEOGRAPHIC AREA CODE
Geographic area code a-pk---
050 00 - LIBRARY OF CONGRESS CALL NUMBER
Classification number KPL1507
Item number .H37 2006
082 ## - DEWEY DECIMAL CLASSIFICATION NUMBER
Classification number 344.046549 JAW
100 1# - MAIN ENTRY--PERSONAL NAME
Personal name Hassan, Jawad.
245 10 - TITLE STATEMENT
Title Environmental laws of Pakistan :
Remainder of title with the exhaustive commentary on the Pakistan Environmental Protection Act, 1997, containing all rules, regulations, latest case law and treaties /
Statement of responsibility, etc. by Jawad Hassan
260 ## - PUBLICATION, DISTRIBUTION, ETC.
Place of publication, distribution, etc. Lahore :
Name of publisher, distributor, etc. Book Biz,
Date of publication, distribution, etc. 2006.
300 ## - PHYSICAL DESCRIPTION
Extent 358 p. ;
Dimensions 23 cm.
500 ## - GENERAL NOTE
General note H.B
504 ## - BIBLIOGRAPHY, ETC. NOTE
Bibliography, etc. note Includes bibliographical references.
610 10 - SUBJECT ADDED ENTRY--CORPORATE NAME
Corporate name or jurisdiction name as entry element Pakistan.
Title of a work Environmental Protection Act, 1997.
650 #0 - SUBJECT ADDED ENTRY--TOPICAL TERM
Topical term or geographic name entry element Environmental law
Geographic subdivision Pakistan.
710 12 - ADDED ENTRY--CORPORATE NAME
Corporate name or jurisdiction name as entry element Pakistan.
Title of a work Environmental Protection Act, 1997.
906 ## - LOCAL DATA ELEMENT F, LDF (RLIN)
a 7
b cbc
c origode
d 2
e ncip
f 20
g y-gencatlg
942 ## - ADDED ENTRY ELEMENTS (KOHA)
Source of classification or shelving scheme
Koha item type Book
Call number prefix 344.046549 JAW
Holdings
Withdrawn status Lost status Source of classification or shelving scheme Damaged status Not for loan Collection code Permanent Location Current Location Shelving location Date acquired Total Checkouts Full call number Barcode Date last seen Date last checked out Price effective from Koha item type
            NUST Law School (NLS) NUST Law School (NLS) General Stacks 04/06/2017 3 344.046549 JAW IESE-1206 11/27/2025 07/16/2025 04/06/2017 Book
© 2023 Central Library, National University of Sciences and Technology. All Rights Reserved.